|
|
|
|
| LEADER |
00693cam a2200217ua 4500 |
| 008 |
060815t1999||||||||||| 00 ||eng c |
| 020 |
|
|
|a 0-19-826818-1
|
| 041 |
0 |
|
|a eng
|
| 082 |
|
|
|a 345.03
|b LAI/C
|
| 100 |
0 |
|
|a Laing,, Judith M.
|
| 245 |
1 |
0 |
|a Care or custody : mentally disordered offenders in the criminal justice system /
|
| 250 |
|
|
|a 1st.
|
| 260 |
|
|
|a Oxford:
|b OUP,
|c 1999.
|
| 300 |
|
|
|a xix,362p..
|
| 362 |
1 |
|
|a 1999.
|
| 365 |
|
|
|a Pd.50.00
|e HB
|
| 650 |
|
|
|a Insanity - jurisprudence
|
| 650 |
0 |
|
|a Mentally handicapped offenders
|
| 942 |
|
|
|c BK
|
| 999 |
|
|
|c 5270
|d 5270
|
| 952 |
|
|
|0 0
|1 0
|4 0
|6 345_030000000000000_LAI
|7 0
|9 5538
|a KUCL
|b KUCL
|d 2014-05-23
|l 0
|o 345.03 LAI/
|p 09153
|r 2014-05-23
|w 2014-05-23
|y BK
|